Religión, chamanismo y mitología mapuches /
Guardado en:
| Hovedforfatter: | |
|---|---|
| Format: | Ukendt |
| Sprog: | Spanish |
| Udgivet: |
Chile:
Universitaria,
1973
|
| Udgivelse: | 2 edición |
| Serier: | Imagen de Chile
10 |
| Fag: | |
| Tags: |
Tilføj Tag
Ingen Tags, Vær først til at tagge denne postø!
|
MARC
| LEADER | 000000000a22000000004500 | ||
|---|---|---|---|
| 001 | 001078 | ||
| 008 | 170622s1973 ck ||||| |||| 00| 0 spa d | ||
| 040 | |a CIICLA - UCR | ||
| 041 | 0 | |a español | |
| 082 | |a 983.004.98 |b D747r2 | ||
| 100 | 1 | |a Dowling Desmadryl, Jorge | |
| 245 | 1 | 0 | |a Religión, chamanismo y mitología mapuches / |c Jorge Dowling Desmadryl |
| 250 | |a 2 edición | ||
| 260 | |a Chile: |b Universitaria, |c 1973 | ||
| 300 | |a 148 páginas | ||
| 490 | 1 | |a Imagen de Chile |v 10 | |
| 500 | |a Número de inscripción 13229 (Colección George Yúdice) | ||
| 650 | 4 | |a INDIOS MAPUCHES | |
| 650 | 4 | |a RELIGION | |
| 942 | |2 ddc |c BK | ||
| 999 | |c 2196 |d 2196 | ||
